Нормален изглед
MARC изглед
- Николица-Спасо-Еленина, Станка
Вход 01. Лично име
001 - Контролен номер на записа
- Контролно поле: 285788
003 - Код на организацията, даваща контролен номер
- Контролно поле: BLK
005 - Дата и час на последна промяна на записа
- Контролно поле: 20240402085649.0
008 - Данни с фиксирана дължина – обща информация
- Данни с фиксирана дължина : 180420|| aca||aabn | a|a d
100 ## - ИМЕ НА ЛИЦЕ -ПЪРВИЧНА ИНТЕЛЕКТУАЛНА ОТГОВОРНОСТ
- Лично име: Николица-Спасо-Еленина, Станка
- Дати, свързани с автора: 1835 - 1920
- Друга информация: поетеса, учителка, живяла в Русе
942 ## - Системна служебна употреба
- Koha auth type: PERSO_NAME